Spotrebiteľské úvery sú opäť na vzostupe
Trh so spotrebiteľskými úvermi, ktorý zažil v roku 2009 stagnáciu až prepad, sa vlani z dôsledkov krízy pomaly začal spamätávať a zaznamenal opätovné prebudenie. Podiel krajov na celkovom objeme čerpaných úverov (2010). Vývoj nákupov na splátky na slovenskom trhu.
Saved in:
| Main Author: | |
|---|---|
| Format: | Book Chapter |
| Language: | Slovak |
| Subjects: | |
| Tags: |
No Tags, Be the first to tag this record!
|
MARC
| LEADER | 00000naa a2200000 4500 | ||
|---|---|---|---|
| 001 | 0130293 | ||
| 005 | 20231208065154.6 | ||
| 041 | 0 | |a slo | |
| 044 | |a SK | ||
| 245 | 1 | 0 | |a Spotrebiteľské úvery sú opäť na vzostupe |c Peter Scherhaufer |
| 520 | |a Trh so spotrebiteľskými úvermi, ktorý zažil v roku 2009 stagnáciu až prepad, sa vlani z dôsledkov krízy pomaly začal spamätávať a zaznamenal opätovné prebudenie. Podiel krajov na celkovom objeme čerpaných úverov (2010). Vývoj nákupov na splátky na slovenskom trhu. | ||
| 610 | 2 | 0 | |a úver spotrebiteľský |
| 610 | 2 | 0 | |a Slovensko |
| 610 | 2 | 0 | |a nákup |
| 610 | 2 | 0 | |a splátky |
| 100 | 1 | |a Scherhaufer, Peter | |